Bhutan... of Nepal? - Statistieken

Algemene statistieken
  • Deze quiz is 907 keer genomen
  • De gemiddelde score is 10 van 15
Antwoordstatistieken
Vraag Antwoord % Correct
Een deel van Mount Everest ligt binnen zijn grenzen Nepal
93%
Zijn bijnaam is het "Land van de Donderdraak" Bhutan
89%
Heeft een grotere bevolking Nepal
85%
Ligt verder naar het oosten Bhutan
79%
Heeft een niet-rechthoekige vlag Nepal
79%
De officiële taal is Dzongkha Bhutan
77%
Kathmandu is de hoofdstad Nepal
75%
Grenst aan zowel China als India Beide
68%
Heeft GEEN ambassade van de Verenigde Staten Bhutan
63%
Volgens de grondwet is het doel van de overheid "Bruto Nationaal Geluk" Bhutan
62%
Is een monarchie Bhutan
60%
Siddhartha Gautama (Boeddha) is volgens de traditie hier geboren Nepal
60%
Er zijn GEEN stoplichten in de hoofdstad Bhutan
59%
De gemiddelde hoogte is meer dan 1500 meter Beide
50%
De meerderheid van de inwoners is Boeddhistisch Bhutan
23%
Geen overeenkomende quizzen gevonden
Scoreverdeling
Procent van Mensen met Elke Score
Percentiel versus Aantal Correcte Antwoorden
Uw Scoregeschiedenis
U heeft deze quiz nog niet genomen